书目信息 |
| 题名: |
新中国邮票上的建筑
|
|
| 作者: | 冯舒拉 , 任浩 , 王南 编著 | |
| 分册: | ||
| 出版信息: | 北京 清华大学出版社 2015 |
|
| 页数: | 522页 | |
| 开本: | 23cm | |
| 丛书名: | ||
| 单 册: | ||
| 中图分类: | G262.2-64 , TU-862 , G894.1-64 | |
| 科图分类: | ||
| 主题词: | 邮票--中国--图集 , 建筑物--介绍--中国--近现代 , 文娱性体育活动 | |
| 电子资源: | ||
| ISBN: | 978-7-302-41346-2 | |
| 000 | 01265nam0 2200325 450 | |
| 001 | 4638 | |
| 005 | 20181012144429.14 | |
| 010 | @a978-7-302-41346-2@dCNY82.00 | |
| 100 | @a20160201d2015 em y0chiy50 ea | |
| 101 | 0 | @achi |
| 102 | @aCN@b110000 | |
| 105 | @aa z 000yy | |
| 200 | 1 | @a新中国邮票上的建筑@9xin zhong guo you piao shang de jian zhu@b专著@e中国近现代建筑@f冯舒拉,任浩,王南编著 |
| 210 | @a北京@c清华大学出版社@d2015 | |
| 215 | @a522页@c图@d23cm | |
| 312 | @a封面英文副题名:Modern Chinese architecture | |
| 330 | @a本书以新中国邮票的发行时间为顺序,系统介绍了新中国邮票上印有中国近现代建筑图案的相关邮票的知识、信息和发行背景等资料,并就票面上的中国近现代建筑进行解读。使读者不仅了解有关邮票的知识,而且还能了解中国近现代建筑历史、知识和文化。 | |
| 510 | 1 | @aModern Chinese architecture@zeng |
| 517 | 1 | @a中国近现代建筑@9zhong guo jin xian dai jian zhu |
| 606 | 0 | @a邮票@y中国@j图集 |
| 606 | 0 | @a建筑物@x介绍@y中国@z近现代 |
| 606 | 0 | @a文娱性体育活动 |
| 690 | @aG262.2-64@v5 | |
| 690 | @aTU-862@v5 | |
| 690 | @aG894.1-64@v4 | |
| 701 | 0 | @a冯舒拉@9feng shu la@f(1957-)@4编著 |
| 701 | 0 | @a任浩@9ren hao@4编著 |
| 701 | 0 | @a王南@9wang nan@c(建筑学)@4编著 |
| 801 | 0 | @aCN@b91MARC@c20160302 |
| 905 | @aMuseLib@dG894.1-64@e430 | |
| 新中国邮票上的建筑:中国近现代建筑/冯舒拉,任浩,王南编著.-北京:清华大学出版社,2015 |
| 522页:图;23cm |
| ISBN 978-7-302-41346-2:CNY82.00 |
| 本书以新中国邮票的发行时间为顺序,系统介绍了新中国邮票上印有中国近现代建筑图案的相关邮票的知识、信息和发行背景等资料,并就票面上的中国近现代建筑进行解读。使读者不仅了解有关邮票的知识,而且还能了解中国近现代建筑历史、知识和文化。 |
| ● |
| 相关链接 |
|
|
|
|
正题名:新中国邮票上的建筑
索取号:G894.1-64/430
 
预约/预借
| 序号 | 登录号 | 条形码 | 馆藏地/架位号 | 状态 | 备注 |
| 1 | 1126082 | 211260829 | 第一样本阅览室/ [索取号:G894.1-64/430] | 在馆 | |
| 2 | 1126083 | 211260838 | 第四借阅区/ [索取号:G894.1-64/430] | 在馆 | |
| 3 | 1126084 | 211260847 | 密集书库-资源管理系/ [索取号:G894.1-64/430] | 在馆 |